Einführung in die systematische Theologie
| Main Author: | |
|---|---|
| Format: | Print Book |
| Language: | German |
| Subito Delivery Service: | Order now. |
| Check availability: | HBZ Gateway |
| WorldCat: | WorldCat |
| Interlibrary Loan: | Interlibrary Loan for the Fachinformationsdienste (Specialized Information Services in Germany) |
| Published: |
Paderborn München Wien Zürich
Schöningh
2006
|
| In: | Year: 2006 |
| Reviews: | [Rezension von: Stosch, Klaus$cvon, 1971-, Einführung in die systematische Theologie] (2008) (Amor, Christoph J., 1979 -)
|
| Series/Journal: | UTB Theologie
2819 |
| Standardized Subjects / Keyword chains: | B
Systematic theology
/ Holy See (motif)
|
| Further subjects: | B
Theology, Doctrinal
B Textbook |
| Online Access: |
Inhaltstext (Publisher) Table of Contents |
MARC
| LEADER | 00000cam a2200000 c 4500 | ||
|---|---|---|---|
| 001 | 513566481 | ||
| 003 | DE-627 | ||
| 005 | 20251223211830.0 | ||
| 007 | tu | ||
| 008 | 060621s2006 gw ||||| 00| ||ger c | ||
| 015 | |a 06,N27,0321 |2 dnb | ||
| 015 | |a 06,A45,0259 |2 dnb | ||
| 016 | 7 | |a 980019710 |2 DE-101 | |
| 020 | |a 3825228193 |c Kt. : ca. EUR 16.90, ca. EUR 17.40 (AT), ca. sfr 30.10 |9 3-8252-2819-3 | ||
| 020 | |a 3506756311 |c kt. : Eur 16.90 (D), Eur 17,40 (A), sFr 29,70 (Schöningh) |9 3-506-75631-1 | ||
| 020 | |a 9783825228194 |c : kt. (UTB) |9 978-3-8252-2819-4 | ||
| 024 | 3 | |a 9783825228194 | |
| 035 | |a (DE-627)513566481 | ||
| 035 | |a (DE-576)255128797 | ||
| 035 | |a (DE-599)DNB980019710 | ||
| 035 | |a (OCoLC)180924353 | ||
| 035 | |a (OCoLC)85770332 | ||
| 035 | |a (AT-OBV)AC05681103 | ||
| 035 | |a (DE-478)952360087 | ||
| 040 | |a DE-627 |b ger |c DE-627 |e rakwb | ||
| 041 | |a ger | ||
| 044 | |c XA-DE-BW |c XA-AT |c XA-CH | ||
| 050 | 0 | |a BT65 | |
| 082 | 0 | |a 230 | |
| 082 | 0 | 4 | |a 230 |
| 084 | |a Kep |2 asb | ||
| 084 | |a KEP |2 ssd | ||
| 084 | |a REL 800 |2 sfb | ||
| 084 | |a E 824 |2 kab | ||
| 084 | |a 1 |2 ssgn | ||
| 084 | |a BN 1900 |2 rvk |0 (DE-625)rvk/13055: | ||
| 084 | |a BG 1080 |q DE-FR129/1001 |2 rvk |0 (DE-625)rvk/11188: | ||
| 084 | |a BH 3000 |q DE-FR129/1001 |2 rvk |0 (DE-625)rvk/11628: | ||
| 084 | |a BN 1610 |q DE-FR129/1001 |2 rvk |0 (DE-625)rvk/13036: | ||
| 084 | |a BH 2000 |2 rvk |0 (DE-625)rvk/11586: | ||
| 084 | |a 11.60 |2 bkl | ||
| 090 | |a a | ||
| 100 | 1 | |0 (DE-588)123289920 |0 (DE-627)082464928 |0 (DE-576)184098823 |4 aut |a Stosch, Klaus von |d 1971- | |
| 109 | |a Stosch, Klaus von 1971- |a Shutosshu, Kurausu fon 1971- | ||
| 245 | 1 | 0 | |a Einführung in die systematische Theologie |c Klaus von Stosch |
| 264 | 1 | |a Paderborn |a München |a Wien |a Zürich |b Schöningh |c 2006 | |
| 300 | |a 352 S. |b Ill., graph. Darst. |c 22 cm | ||
| 336 | |a Text |b txt |2 rdacontent | ||
| 337 | |a ohne Hilfsmittel zu benutzen |b n |2 rdamedia | ||
| 338 | |a Band |b nc |2 rdacarrier | ||
| 490 | 0 | |a UTB |v 2819 |a Theologie | |
| 500 | |a Literaturverz. S. 342 - 343 | ||
| 583 | 1 | |a Archivierung/Langzeitarchivierung gewährleistet |f SSG |x XA-DE-BW |2 pdager |5 DE-21 | |
| 583 | 1 | |a Archivierung prüfen |c 20240324 |f DE-4165 |z 3 |2 pdager | |
| 601 | |a Einführung | ||
| 601 | |a Systematik | ||
| 601 | |a Theologie | ||
| 650 | 4 | |a Theology, Doctrinal | |
| 655 | 7 | |a Lehrbuch |0 (DE-588)4123623-3 |0 (DE-627)104270187 |0 (DE-576)209561262 |2 gnd-content | |
| 689 | 0 | 0 | |d s |0 (DE-588)4116674-7 |0 (DE-627)105804983 |0 (DE-576)20950353X |2 gnd |a Systematische Theologie |
| 689 | 0 | 1 | |d b |0 (DE-588)2009545-4 |0 (DE-627)101659261 |0 (DE-576)191644501 |2 gnd |a Katholische Kirche |
| 689 | 0 | |5 DE-101 | |
| 787 | 0 | 8 | |i Rezensiert in |a Amor, Christoph J., 1979 - |t [Rezension von: Stosch, Klaus$cvon, 1971-, Einführung in die systematische Theologie] |d 2008 |w (DE-627)1818930455 |
| 856 | 4 | 2 | |u http://www.gbv.de/dms/hebis-darmstadt/toc/181638029.pdf |m V:DE-603 |m B:DE-17 |q pdf/application |x Verlag |y Inhaltsverzeichnis |3 Inhaltsverzeichnis |7 1 |
| 856 | 4 | 2 | |u http://deposit.dnb.de/cgi-bin/dokserv?id=2821196&prov=M&dok_var=1&dok_ext=htm |m X: MVB |q text/html |v 20130501 |x Verlag |3 Inhaltstext |7 1 |
| 935 | |a mteo | ||
| 935 | |i sf | ||
| 935 | |i Blocktest | ||
| 936 | r | v | |a BN 1900 |b Allgemeine Einleitung |k Theologie und Religionswissenschaften |k Dogmatik und Dogmengeschichte |k Einleitung in die Dogmatik |k Allgemeine Einleitung |0 (DE-627)1270735136 |0 (DE-625)rvk/13055: |0 (DE-576)200735136 |
| 936 | r | v | |a BG 1080 |b Hand- und Lehrbücher, Gesamtdarstellungen |k Theologie und Religionswissenschaften |k Fundamentaltheologie |k Allgemeines |k Hand- und Lehrbücher, Gesamtdarstellungen |0 (DE-627)1270722239 |0 (DE-625)rvk/11188: |0 (DE-576)200722239 |
| 936 | r | v | |a BH 3000 |b Gegenstand der Theologie |k Theologie und Religionswissenschaften |k Evangelische Dogmatik |k Spezielle Dogmatik |k Prolegomena |k Gegenstand der Theologie |0 (DE-627)1271888017 |0 (DE-625)rvk/11628: |0 (DE-576)201888017 |
| 936 | r | v | |a BN 1610 |b Nach 1900 erschienene katholische Werke |k Theologie und Religionswissenschaften |k Dogmatik und Dogmengeschichte |k Gesamtdarstellungen |k Dogmatik |k Nach 1900 erschienene katholische Werke |0 (DE-627)1270735004 |0 (DE-625)rvk/13036: |0 (DE-576)200735004 |
| 936 | r | v | |a BH 2000 |b Gesamtdarstellungen |k Theologie und Religionswissenschaften |k Evangelische Dogmatik |k Allgemeines |k Systematische Theologie des 20. Jahrhundert |k Gesamtdarstellungen |0 (DE-627)1272001253 |0 (DE-625)rvk/11586: |0 (DE-576)202001253 |
| 936 | b | k | |a 11.60 |j Systematische Theologie: Allgemeines |0 (DE-627)106419692 |
| 951 | |a BO | ||
| ELC | |b 1 | ||
| ITA | |a 1 |t 1 | ||
| LOK | |0 000 xxxxxcx a22 zn 4500 | ||
| LOK | |0 001 3268284337 | ||
| LOK | |0 003 DE-627 | ||
| LOK | |0 004 513566481 | ||
| LOK | |0 005 20061201144845 | ||
| LOK | |0 008 060915||||||||||||||||ger||||||| | ||
| LOK | |0 040 |a DE-21 |c DE-627 |d DE-21 | ||
| LOK | |0 852 |a DE-21 | ||
| LOK | |0 852 1 |c theol D 10 |9 00 | ||
| LOK | |0 852 2 |b Lehrbuchsammlung |9 00 | ||
| LOK | |0 935 |a lbs1 | ||
| LOK | |0 938 |l 27/11/06 |8 6 | ||
| LOK | |0 939 |a 15-09-06 |b l01 | ||
| LOK | |0 000 xxxxxcx a22 zn 4500 | ||
| LOK | |0 001 3268284353 | ||
| LOK | |0 003 DE-627 | ||
| LOK | |0 004 513566481 | ||
| LOK | |0 005 20061204150218 | ||
| LOK | |0 008 061204||||||||||||||||ger||||||| | ||
| LOK | |0 040 |a DE-21 |c DE-627 |d DE-21 | ||
| LOK | |0 852 |a DE-21 | ||
| LOK | |0 852 1 |c 46 A 8055 |m p |9 00 | ||
| LOK | |0 852 2 |b LS |9 00 | ||
| LOK | |0 852 1 |c theol L 522 |9 01 | ||
| LOK | |0 935 |a theo |a alls | ||
| LOK | |0 936ln |a t5.1 | ||
| LOK | |0 938 |k p | ||
| LOK | |0 939 |a 04-12-06 |b l02 | ||
| LOK | |0 000 xxxxxcx a22 zn 4500 | ||
| LOK | |0 001 3268284442 | ||
| LOK | |0 003 DE-627 | ||
| LOK | |0 004 513566481 | ||
| LOK | |0 005 20071212105356 | ||
| LOK | |0 008 071212||||||||||||||||ger||||||| | ||
| LOK | |0 040 |a DE-21-35 |c DE-627 |d DE-21-35 | ||
| LOK | |0 541 |e 07/1645 | ||
| LOK | |0 852 |a DE-21-35 | ||
| LOK | |0 852 1 |c Dm 1.307 |m p |9 00 | ||
| LOK | |0 938 |k p | ||
| LOK | |0 938 |l K3 |8 0 | ||
| LOK | |0 939 |a 12-12-07 |b l01 | ||
| LOK | |0 000 xxxxxcx a22 zn 4500 | ||
| LOK | |0 001 4252922410 | ||
| LOK | |0 003 DE-627 | ||
| LOK | |0 004 513566481 | ||
| LOK | |0 005 20230128103836 | ||
| LOK | |0 008 230128||||||||||||||||ger||||||| | ||
| LOK | |0 040 |a DE-Tue135-1 |c DE-627 |d DE-Tue135-1 | ||
| LOK | |0 852 |a DE-Tue135-1 | ||
| LOK | |0 852 1 |m p |9 00 | ||
| LOK | |0 935 |a inmo | ||
| LOK | |0 938 |k p | ||
| LOK | |0 939 |a 28-01-23 |b l01 | ||
| ORI | |a SA-MARC-ixtheoa001.raw | ||
| STA | 0 | 0 | |a Holy See (motif),Catholic church,Catholic Church,Catholic Church,Former pilgrimage church Saint Ottilia,Systematic theology |
| STB | 0 | 0 | |a Saint-Siège (motif),Église catholique,Église catholique,Théologie systématique |
| STC | 0 | 0 | |a Movimiento juvenil católico,Teología sistemática |
| STD | 0 | 0 | |a Chiesa cattolica,Teologia sistematica |
| STE | 0 | 0 | |a 天主教会,罗马公教,系统神学 |
| STF | 0 | 0 | |a 天主教會,羅馬公教,系統神學 |
| STG | 0 | 0 | |a Igreja católica,Teologia sistemática |
| STH | 0 | 0 | |a Католическая церковь (мотив),Систематическое богословие |
| STI | 0 | 0 | |a Καθολική Εκκλησία (μοτίβο),Συστηματική θεολογία |
| SYG | 0 | 0 | |a Katolikus Egyház,RCC,Katoličeskaj Cerkovʹ,Katoličke Cerkve,Katolska Cyrkej,Katolske Kirke,Ecclesia Catholica,Igreja Católica,Römisch-Katholische Kirche,Katholikē Ekklēsia,Catholic Church,Roman Catholic Church,Eglise Catholique,Eglise Catholique Romaine,Chiesa Cattolica,Katholieke Kerk,Iglesia Católica,Katolické Církve,Kościoł Katolicki,Katoličke Crkve,Eglise catholique romaine,Chiesa cattolica romana,Roman catholic Church,Eglise catholique,Römische Kirche , Eglise catholique,Roman Catholic Church,Catholic Church , Ehemalige Wallfahrtskirche Sankt Ottilia |